00694nam a2200229 a 4500001001300000003000900013005001700022008004100039020001000080082001800090100002200108245005200130260004800182300000900230500003500239505000800274650003400282902000800316942000700324952011800331999001500449nice12345678IN_TiNIC20260116011635.0050524s1891 lona grp 000 0 eng  ac10000a915.6104bBEC aBeckford, William aHistory of the Caliph Vathekb European Travels aLondonbWard Lock Educational Limitedc1891 a549p aincludes index and biblioraphy2 aIll aTurkey-Description and Travel bDLS cBK 001040708DeptLib->SaHMIbHMId2007-06-05g100.00l0o915.6104 BECp06681r2007-06-05v100.00w2005-05-24yBK c3054d3054